000 00943nmm a2200289 a 4500
001 ocm000601705
003 TR-IsHL
005 20201028130744.0
008 131010s1995 tu tur
007 cr cn
020 _a9789755201115
035 _a601705
_b(N$T)
050 0 4 _aB318.H84
_bV47 1995
090 0 4 _aB318.H84
_bV47 1995
100 1 _aVersenyi, Laszlo
245 1 0 _aSokrates ve insan sevgisi
_h[electronic resource] /
_cLaszlo Versenyi ; çev. Ahmet Cevizci
250 _a2. bs.
260 _aİstanbul :
_bGündogan Yayınları,
_c1995
300 _a249 p.
650 4 _aFelsefe, Psikoloji ve Din
650 4 _aPhilosophy, Psychology and Religion
650 0 _aSokratik hümanizmi
650 0 _aSocratic humanism
650 7 _aPHILOSOPHY / History & Surveys / General
_2bisacsh
700 1 _aCevizci, Ahmet
856 4 0 _uhttp://search.ebscohost.com/login.aspx?direct=true&scope=site&db=e011xww&AN=601705
999 _c4194
_d4194